000
00338nam a2200133Ia 4500
008
240624s9999 xx 000 0 und d
041
_a
eng
082
_a
303.3 KEL
100
_a
KELTNER DACHER
245
_a
POWER PARADOX HOW WE GAIN AND LOSE INFLU
260
_c
2016
_a
New York
_b
Penguin Books
300
_a
196p. ;23cm
365
_c
_b
33
999
_c
32780
_d
32780